| 000 | 00904nam a2200265Ia 4500 | ||
|---|---|---|---|
| 003 | OSt | ||
| 005 | 20221005102924.0 | ||
| 006 | a|||||r|||| 00| 0 | ||
| 007 | ta | ||
| 008 | 221004b |||||||| |||| 00| 0 hin d | ||
| 020 | _a8185377499 (hbk) | ||
| 024 | _a4923 | ||
| 037 |
_bGift, 29/06/2013, _cTextual |
||
| 040 |
_aCRL _cCRL _bhin |
||
| 041 |
_2hin _ahin |
||
| 082 | _aO152,1N52x, P3 | ||
| 100 | _aउपाध्याय, सुधांशु | ||
| 245 | 0 | _aसमय की जरूरत है यह | |
| 246 | _aSamaya kī jarūrat hai yaha | ||
| 260 |
_aइलाहाबाद _bआशु प्रकाशन भारत _c2003 |
||
| 300 |
_a136पृ0 _ccm. |
||
| 650 | _aहिन्दी साहित्य | ||
| 942 |
_hO152,1N52x, P3 _cTEXL _2cc |
||
| 999 |
_c1009107 _d1009107 |
||